| 000 | 00799nam a2200289Ia 4500 | ||
|---|---|---|---|
| 008 | 160803s9999 xx 000 0 und d | ||
| 020 | _a978-0020442608 | ||
| 100 | _aLewis, C.S | ||
| 245 | _aThe voyage of the dawn treader / | ||
| 245 | _cby C.S. Lewis ; with pictures adapted from illustrations by Pauline Baynes. | ||
| 260 | _aNew York : | ||
| 260 | _bScholastic Inc. | ||
| 260 | _c1952 | ||
| 300 | _a216 pages : | ||
| 300 | _billustrations ; | ||
| 300 | _c18 cm. | ||
| 440 | _aChronicles of Narnia. | ||
| 440 | _vBk. 5 | ||
| 650 | _aFantasy fiction -- | ||
| 650 | _aFantasy. | ||
| 650 | _aNarnia (Imaginary place) -- | ||
| 650 | _aSelfishness -- | ||
| 650 | _xJuvenile fiction. | ||
| 650 | _xJuvenile fiction. | ||
| 650 | _xJuvenile fiction. | ||
| 700 | _a970 | ||
| 999 |
_c298088 _d298088 |
||